| 000 | 00769nam a2200217 u 4500 | ||
|---|---|---|---|
| 005 | 20210223131259.0 | ||
| 008 | 100512s2006 ea r 000 0 spa d | ||
| 020 | _a0439874793 | ||
| 035 | _aUPN01000175795 | ||
| 049 | _aI | ||
| 050 | 4 |
_aQC16 E5 _bM3.3 |
|
| 100 | 1 |
_aMattern, Joanne, _d1963- _931110 |
|
| 245 | 1 | 0 |
_aAlbert Einstein : _bun genio creativo / _cJoanne Mattern y Laurence Santrey ; il. por Ellen Beier ; tr. Carmen Rosas Navarro. |
| 260 |
_aNew York : _bScholastic, _cc2006. |
||
| 300 |
_a45 p. : _bil. |
||
| 534 |
_pTÃtulo original: _tAlbert Einstein : creative genius |
||
| 600 | 1 | 4 |
_aEINSTEIN, ALBERT, _d1879-1955 - _vLITERATURA JUVENIL _9705 |
| 650 | 4 |
_aFISICOS - _vLITERATURA JUVENIL _9906 |
|
| 700 | 1 |
_aSantrey, Laurence, _ecoaut. |
|
| 905 | _aInfantil | ||
| 999 |
_c147898 _d147898 |
||